Reyes y pretendientes de Poniente - Estadísticas

Estadísticas generales
  • Esta prueba ha sido intentada 53 veces
  • La puntuación promedio es 26 de 34
Estadísticas de respuestas
Reinado Reyes y pretendientes Alias Dinastía % Correcto
42 - 43 d.C (Disputado) Aegon el Incoronado Targaryen
97%
1 - 37 d.C Aegon I el Conquistador Targaryen
97%
129 - 131 d.C Aegon II el Usurpador Targaryen
97%
131 - 157 d.C Aegon III Veneno de Dragón Targaryen
97%
172 - 184 d.C Aegon IV el Indeseado Targaryen
97%
233 - 259 d.C Aegon V el Afortunado Targaryen
97%
300 d.C - Actualidad (Disputado) Aegon VI Griff el Joven Targaryen
97%
298 d.C - Actualidad (Disputado) Daenerys I la Reina Dragón Targaryen
94%
298 - 300 d.C Joffrey I el Joven Usurpador Baratheon
94%
283 - 298 d.C Robert I el Usurpador Baratheon
94%
103 - 129 d.C Viserys I el Joven Rey Targaryen
91%
171 - 172 d.C Viserys II - Targaryen
91%
283 - 298 d.C (Disputado) Viserys III el Rey Mendigo Targaryen
91%
300 d.C - Actualidad Tommen I el Niño Rey Baratheon
86%
298 - 299 d.C (Disputado) Renly I el Rey en el Sur Baratheon
83%
298 d.C - Actualidad (Disputado) Stannis I el Rey en el Mar Angosto Baratheon
83%
209 - 221 d.C Aerys I - Targaryen
80%
262 - 283 d.C Aerys II el Rey Loco Targaryen
80%
129 - 130 d.C (Disputado) Rhaenyra la Delicia del Reino Targaryen
74%
167 - 171 d.C Baelor I el Santo Targaryen
71%
196 d.C (Disputado) Daemon I el Dragón Negro Fuegoscuro
71%
211 d.C (Disputado) Daemon II el Dragón Marrón Fuegoscuro
71%
236 d.C (Disputado) Daemon III - Fuegoscuro
71%
42 - 48 d.C Maegor I el Cruel Targaryen
71%
221 - 233 d.C Maekar I el Yunque Targaryen
69%
157 - 161 d.C Daeron I el Joven Dragón Targaryen
66%
184 - 209 d.C Daeron II el Bueno Targaryen
66%
48 - 103 d.C Jaehaerys I el Conciliador Targaryen
66%
259 - 262 d.C Jaehaerys II - Targaryen
66%
37 - 42 d.C Aenys I Rey Abominación Targaryen
60%
260 d.C (Disputado) Maelys I el Monstruoso Fuegoscuro
40%
130 d.C (Disputado) Gaemon el Rey Conejito Peloclaro
20%
219 d.C (Disputado) Haegon I - Fuegoscuro
20%
130 d.C (Disputado) Trystane - Fuegorreal
11%
No se encontraron pruebas coincidentes
Distribución de puntuación
Porcentaje de gente con cada puntuación
Porcentaje por número respondido
Historial de tus puntuaciones
No has intentado esta prueba.